Tables of indefinite integrals /

Saved in:
Bibliographic Details
Main Author: Brychkov, IU. A. (IUrii Aleksandrovich)
Other Authors: Marichev, O. I. (Oleg Igorevich), Prudnikov, A. P. (Anatolii Platonovich)
Format: Book
Language:English
Published: New York : Gordon and Breach Science Publishers, c1989.
Subjects:
LEADER 01246nam a2200301 a 4500
001 c000013635
003 CARM
005 00000000000000.0
008 890117s1989 nyu b 00010 eng
019 1 |a 6214882  |5 LACONCORD2021 
020 |a 2881247105 
035 |a (OCoLC)19122709  |5 LACONCORD2021 
041 1 |a engrus 
050 0 0 |a QA310  |b .B8713 1989 
100 1 |a Brychkov, IU. A.  |q (IUrii Aleksandrovich) 
240 1 0 |a Tablitsy neopredelennykh integralov.  |l English 
245 1 0 |a Tables of indefinite integrals /  |c by Yu. A. Brychkov, O.I. Marichev, A.P. Prudnikov ; translated from the Russian by G.G. Gould. 
260 |a New York :  |b Gordon and Breach Science Publishers,  |c c1989. 
300 |a 192 p. ;  |c 24 cm. 
500 |a Translation of: Tablitsy neopredelennykh integralov. 
504 |a Includes bibliographical references (p. 12) 
650 0 |a Integrals  |x Tables. 
700 1 |a Marichev, O. I.  |q (Oleg Igorevich) 
700 1 |a Prudnikov, A. P.  |q (Anatolii Platonovich) 
852 8 |b CARM  |h A2:AH01B0  |i B03493  |p 0095694  |f BK 
082 0 4 |a 515.4/3  |2 19 
999 f f |i 88a07146-cdea-52ef-881f-0027f5451407  |s 75a5b4d3-cf31-5c91-b7cd-9eeb1fee2d12 
952 f f |p Can circulate  |a CAVAL  |b CAVAL  |c CAVAL  |d CARM 1 Store  |e B03493  |f A2:AH01B0  |h Other scheme  |i book  |m 0095694